000 00723cam a22002533a 4500
001 20163
003 PGUSA
005 20140828083427.0
008 061222s2006||||xxu|||||s|||||000 1 eng d
040 _aPGUSA
_beng
042 _adc
050 4 _aPZ
100 1 _aBrazil, Angela,
_d1869-1947
245 1 4 _aThe Jolliest School of All
_h[electronic resource] /
_cAngela Brazil
260 _bProject Gutenberg,
_c2006
506 _aPublic domain in the USA.
516 _aElectronic text
653 _aSchools -- Juvenile fiction
653 _aGirls -- Juvenile fiction
653 _aItaly -- Juvenile fiction
830 0 _aProject Gutenberg
_v20163
856 4 0 _uhttp://www.gutenberg.org/ebooks/20163
942 _cEB
999 _c249418
_d249418